| 000 | 01352cam a2200385 i 4500 | ||
|---|---|---|---|
| 001 | 200446102 | ||
| 003 | TR-AnTOB | ||
| 005 | 20251230100158.0 | ||
| 007 | ta | ||
| 008 | 220104m20162006tu a || 00| 1 tu d | ||
| 020 | _a9789754587029 | ||
| 040 |
_aMET. _beng _erda _cMET. _dTR-AnTOB |
||
| 041 | 1 |
_atur _heng |
|
| 050 | 0 | 0 |
_aPR4034 _b.P7319 2016 |
| 090 |
_aPR4034 _b.P7319 2016 |
||
| 100 | 1 |
_aAusten, Jane, _d1775-1817 _990719 _eauthor |
|
| 240 | 1 | 0 |
_aPride and prejudice. _fTurkish. |
| 245 | 1 | 0 |
_aGurur ve önyargı / _cJane Austen ; İngilizce aslından çeviren Hamdi Koç. |
| 250 | _aXXIII. Basım Eylül 2016 | ||
| 264 | 1 |
_aİstanbul : _bTürkiye İş Bankası Kültür Yayınları, _c2016. |
|
| 300 |
_avii, 423 pages ; _c22 cm |
||
| 336 |
_2rdacontent _atext _btxt |
||
| 337 |
_2rdamedia _aunmediated _bn |
||
| 338 |
_2rdacarrier _avolume _bnc |
||
| 490 | _aHasan Ali Yücel Klasikleri Dizisi | ||
| 500 | _a"Yayın no: 925"--Page facing title page. | ||
| 500 | _a"Aşk ve gurur" | ||
| 590 | _aDonated by The Family of Kasım Gülek. | ||
| 600 | 1 | 0 |
_aAusten, Jane, _d1775-1817. _tPride and prejudice _990720 |
| 600 | 1 | 0 |
_aBennet, Elizabeth _c(Fictitious character) _9151401 |
| 600 | 1 | 0 |
_aDarcy, Fitzwilliam _c(Fictitious character) _9151402 |
| 700 | 1 |
_aKoç, Hamdi _986747 _etranslator |
|
| 942 |
_2lcc _cBK |
||
| 999 |
_c200446102 _d64314 |
||